<?xml version="1.0" encoding="UTF-8"?>
<collection xmlns="http://www.loc.gov/MARC21/slim">
 <record>
  <leader>01530nam a2200217Ia 4500</leader>
  <controlfield tag="001">CTU_185632</controlfield>
  <controlfield tag="008">210402s9999    xx            000 0 und d</controlfield>
  <datafield tag="020" ind1=" " ind2=" ">
   <subfield code="c">325000</subfield>
  </datafield>
  <datafield tag="082" ind1=" " ind2=" ">
   <subfield code="a">344.597042</subfield>
  </datafield>
  <datafield tag="082" ind1=" " ind2=" ">
   <subfield code="b">H561</subfield>
  </datafield>
  <datafield tag="245" ind1=" " ind2="0">
   <subfield code="a">Hướng dẫn mới nhất về xử phạt vi phạm hành chính trong lĩnh vực tiêu chuẩn đo lường và chất lượng sản phẩm, hàng hóa :</subfield>
  </datafield>
  <datafield tag="245" ind1=" " ind2="0">
   <subfield code="b">Hỏi đáp về công tác quản lý chất lượng sản phẩm 2013</subfield>
  </datafield>
  <datafield tag="245" ind1=" " ind2="0">
   <subfield code="c">Thuỳ Linh, Việt Trinh (Sưu tầm và hệ thống hoá)</subfield>
  </datafield>
  <datafield tag="260" ind1=" " ind2=" ">
   <subfield code="a">Hà Nội</subfield>
  </datafield>
  <datafield tag="260" ind1=" " ind2=" ">
   <subfield code="b">Lao động</subfield>
  </datafield>
  <datafield tag="260" ind1=" " ind2=" ">
   <subfield code="c">2013</subfield>
  </datafield>
  <datafield tag="520" ind1=" " ind2=" ">
   <subfield code="a">Sách gồm 9 phần với các nội dung chính: hỏi đáp về quản lí chất lượng sản phẩm, hàng hoá; hỏi đáp về quản lý tài chính, chế độ thu , nộp và quản lý sử dụng lệ phí trong công tác quản lý chất lượng; hỏi đáp kiểm tra nhà nước về chất lượng hàng hoá nhập khẩu, lưu thông trên thị trường; các quy định mới về kiểm tra chất lượng, an toàn kỹ thuật trong quá trình sản xuất;...</subfield>
  </datafield>
  <datafield tag="650" ind1=" " ind2=" ">
   <subfield code="a">Quality control,Quản lý chất lượng</subfield>
  </datafield>
  <datafield tag="650" ind1=" " ind2=" ">
   <subfield code="x">Law and legislation,Luật và lập pháp</subfield>
  </datafield>
  <datafield tag="910" ind1=" " ind2=" ">
   <subfield code="a">Trần Thị Tuyết Vân,Hải</subfield>
  </datafield>
  <datafield tag="980" ind1=" " ind2=" ">
   <subfield code="a">Trung tâm Học liệu Trường Đại học Cần Thơ</subfield>
  </datafield>
 </record>
</collection>
